Le doc-SCH- Paroles - Statistiques

Statistiques générales
  • Ce quiz a été pris 46 fois
  • Le résultat moyen est 271 sur 475
Statistiques - réponses
Paroles % Correct
doc,
96%
doc
96%
doc"
96%
ton
96%
à
92%
A
92%
chez
92%
mon
92%
j'ai
88%
J'ai
88%
ma
88%
me
88%
si
88%
tu
88%
Tu
88%
viens
88%
Viens
88%
"viens
88%
au
84%
du
84%
le
84%
Le
84%
l'es,
84%
les
84%
l'es
84%
pas
84%
salope,
84%
Salope,
84%
Salope
84%
stéthoscope
84%
t'a
84%
t'as
80%
T'as
80%
besoin
76%
bite,
76%
bite
76%
champagne
76%
de
76%
Elle
76%
elle
76%
faire
76%
J'serai
76%
j'suis
76%
J'suis
76%
passe
76%
sais,
76%
sais
76%
un
76%
Un
76%
aux
72%
billet,
72%
billet
72%
d'un
72%
frais,
72%
frais
72%
idées
72%
plein
72%
que
72%
voir
72%
cigare
68%
Cigare,
68%
diagnostic
68%
lèvres,
68%
s'accroche
68%
te
68%
bibi
64%
chaud,
64%
chaude
64%
Prends
64%
prends
64%
sors
64%
taspé
64%
Taspé
64%
tas-pé
64%
d'mauvaises
60%
en
60%
R
60%
t'es
60%
T'es
60%
tes
60%
ce
56%
dès
56%
des
56%
haut,
56%
la
56%
56%
mal
56%
malade
56%
mauvaises
56%
saut
56%
deja
52%
déja
52%
est
52%
je
52%
l'toubib,
52%
lumières
52%
lumieres
52%
mes
52%
passes
52%
Passes
52%
s'allument,
52%
tour
52%
tout
52%
ca
48%
c'est
48%
connais
48%
dit
48%
enlèves
48%
Enlèves
48%
Et
48%
et
48%
honoraires
48%
nue
48%
Quand
48%
quand
48%
son
48%
Chérie
44%
l'entrée
44%
mouillée
44%
oublier
44%
peu
44%
Pour
44%
pour
44%
toubib,
44%
toubib
44%
assez
40%
bas
40%
dis
40%
dos
40%
fait
40%
fond
40%
heures
40%
j'vois
40%
ne
40%
plus
40%
près
40%
qu'j'suis
40%
sait
40%
années
36%
bébé,
36%
bébé
36%
bien
36%
C'était
36%
côté,
36%
dans
36%
grand
36%
lit
36%
moi
36%
ni
36%
Oh
36%
oui,
36%
oui
36%
venir
36%
attends,
32%
dernière
32%
enfin
32%
fais
32%
j'crois
32%
juste
32%
l'issue,
32%
l'issue
32%
l'un
32%
l'un,
32%
méchant
32%
n'enlève
32%
pleins
32%
secouée
32%
seule
32%
souhait,
32%
toi
32%
toute
32%
comme
28%
couler
28%
d'tes
28%
du-per,
28%
eye-liner,
28%
journée
28%
non,
28%
on
28%
qu'c'est
28%
regardes
28%
s'faire
28%
suis
28%
t'endors
28%
va
28%
consultations,
24%
cris
24%
derrière,
24%
dors,
24%
doué
24%
eux
24%
eux,
24%
J'fais
24%
l'air,
24%
mais
24%
papa,
24%
peut etre
24%
prescrit
24%
qui
24%
qu'on
24%
Qu'tu
24%
Rêves
24%
y'a,
24%
y'est
24%
envie
20%
fermées
20%
J'sais
20%
j'travaille
20%
l'bibi
20%
manière
20%
m'attends
20%
pourras
20%
qu'les
20%
qu'occasionnel,
20%
regrettes
20%
s'envoit
20%
t'ennuies
20%
vois
20%
baisé
16%
d'leurs
16%
Faut
16%
j'me
16%
J't'apprends
16%
J'tapprends
16%
j'te
16%
love
16%
lui,
16%
Nan,
16%
ouais
16%
portes
16%
prénoms
16%
rappelle
16%
sans
16%
T'avais
16%
t'avais
16%
te-bê
16%
tiré
16%
veux,
16%
attendent
12%
avance,
12%
cabinet,
12%
m'dire
12%
patients
12%
Tiens
12%
venue
12%
essuyé
8%
manquent,
8%
mieux
8%
reviens
8%
sortir
8%
terre,
8%
tombé
8%
veux-che,
8%
monter
4%
qu'ya
4%
REFRAIN
4%
T'iras
4%
Aucun quiz correspondant
Distribution des résultats
% des personnes avec chaque résultat
Percentile par nombre de réponses
Votre historique - résultats
Vous n’avez pas pris ce quiz